Foundations of Physical Anthropology and Human Evolution/ (Record no. 180034)

MARC details
000 -LEADER
fixed length control field 00571nam a22001817a 4500
005 - DATE AND TIME OF LATEST TRANSACTION
control field 20210722110749.0
010 ## - LCCN (DPL NO)
LC control number ENG-129607
020 ## - INTERNATIONAL STANDARD BOOK NUMBER
International Standard Book Number 978-81-927999-3-3
Terms of availability 990.00
035 ## - SYSTEM CONTROL NUMBER
System control number EN-113139
037 ## - SOURCE OF ACQUISITION
Source of stock number/acquisition DBAD/PUB
082 ## - DEWEY DECIMAL CLASSIFICATION NUMBER
Classification number 309.173092
100 ## - MAIN ENTRY--PERSONAL NAME
Personal name Reddy, V Rami
245 ## - TITLE STATEMENT
Title Foundations of Physical Anthropology and Human Evolution/
Statement of responsibility, etc by V. Rami Reddy
260 ## - PUBLICATION, DISTRIBUTION, ETC. (IMPRINT)
Place of publication, distribution, etc Tirupati
Name of publisher, distributor, etc V.Indira
Date of publication, distribution, etc 2018
270 ## - ADDRESS
Address 8-30,Vidyanagar,
City Svunt colony, Tirupati
Postal code 517502
300 ## - PHYSICAL DESCRIPTION
Extent 246p.
Dimensions 26cm(pbk)
Other physical details Bibliography
942 ## - ADDED ENTRY ELEMENTS (KOHA)
Source of classification or shelving scheme Dewey Decimal Classification
Item type English Books
Classification part 309.173092
Call number suffix RED
Holdings
Withdrawn status Lost status Not for loan Collection code Home library Current library Date acquired Source of acquisition Cost, normal purchase price Full call number Barcode Copy number Cost, replacement price Koha item type
      Non-fiction Central Library Central Library 22/07/2021 DBAD/PUB 990.00 309.173092 RED EN-113139 1 990.00 English Books

© Delhi Public Library
Hit Counter
free hit counter